Souvenir für Violine und Klavir

Hlavní autor: Drdla, František, 1868-1944
Další autoři: Schmidt, Bernhard
Jazyk: Nelze použít, není lingvistický obsah
Vydáno: Leipzig : Weinberger, [1900?]
Edice: Edition Weinberger
Fyzický popis: 3, 7 s.
Hudebniny Hudebniny
Uloženo v:
LEADER 00870ncm a22002412a 4500
001 001250867
003 CZ BrMZK
005 20120920125630.0
007 qu
008 120920s1900 gw |||||||||||||||||zxx d
040 |a BOA001  |b cze 
072 7 |a 787  |x Hudba pro strunné a smyčcové nástroje  |2 Konspekt  |9 9 
100 1 |a Drdla, František,  |d 1868-1944  |7 jn19990209157  |4 cmp 
245 1 0 |a Souvenir für Violine und Klavir  |h [hudebnina] /  |c František Drdla ; für Violoncell und Klavier arr. von Bernh. Schmidt 
260 |a Leipzig :  |b Weinberger,  |c [1900?] 
300 |a 3, 7 s. 
490 1 |a Edition Weinberger ;  |v Nr. 132 
700 1 |a Schmidt, Bernhard  |7 mzk2010605025  |4 arr 
830 0 |a Edition Weinberger 
910 |a BOA001  |b Mus4-0556.122 
990 |a MU 
991 |b 201209 
996 6 |b 2619103886  |c Mus4-0556.122  |l MZK  |r Sklad / do 1 hodiny  |n 0  |w 001284913  |u 000010  |a 1  |e BOA001  |j MZK50  |s P